|
|
|
|
| LEADER |
00000nab a2200000 a 4500 |
| 001 |
vtls000809727 |
| 003 |
SK-MaSNL |
| 005 |
20260304213617.0 |
| 008 |
140328c2002 xo 0 slo |
| 015 |
|
|
|a SNBRB2002/10-31227
|
| 035 |
|
|
|a CLN000161382
|
| 040 |
|
|
|a SNKBUCL
|b slo
|c SNKBUCL
|e AACR2
|
| 041 |
0 |
|
|a slo
|
| 044 |
|
|
|a xo
|c SK
|
| 080 |
|
|
|a 69(437.6)
|2 1997
|
| 080 |
|
|
|a 72(437.6)
|2 1997
|
| 100 |
1 |
|
|a Lalíková, Darina
|4 ain
|9 8716
|
| 245 |
1 |
0 |
|a Súťaž Stavba roka 2002 očami predsedu odbornej poroty
|b rozhovor s Doc. Ing. Štefanom Grambličkom, PhD.
|c za rozhovor ďakuje D. Lalíková
|
| 300 |
|
|
|b Fotogr.
|
| 611 |
1 |
7 |
|a Stavba roka
|n (8. :
|d 2002 :
|c Slovensko)
|2 snkbucl
|
| 655 |
|
7 |
|a články z novín a časopisov
|2 snkbucl
|9 267496
|
| 700 |
1 |
|
|a Gramblička, Štefan,
|d 1948-
|4 aut
|9 105563
|
| 773 |
0 |
|
|t Eurostav
|g Roč. 8, č. 5 (2002), s. 14-15
|x 1335-1249
|
| 850 |
|
|
|a Slovenská národná knižnica v Martine
|
| 852 |
|
|
|a SNK
|b KIS3GCP
|
| 958 |
|
|
|a SK
|
| 992 |
|
|
|a RBX
|
| 999 |
|
|
|c 3136702
|d 3138632
|